01604nac a22003611u 4500010001600000022001400016035002300030082001600053090001500069100003400084245009600118260006500214300002500279500007700304500001400381500001900395500004000414505007000454511002700524511002500551650002400576650003800600650005800638650002800696710003400724710003500758942001800793999001500811952010400826952010400930952010401034952010401138 a 51039079 a0027-4909 a(OCoLC)ocm01758916 a297.05bMUS c9969d9969 a20080729 04aThe Muslim world :bA journal devoted to the study of Islam and christian-Muslim relations/ aHartford, Conn. :bHartford Seminary Foundation,1911-c1911- av. :bill. ;c25 cm. aPublished by: Blackwell Publishing, Malden, Mass. and Oxford, UK., 2003- aDonations aDonations: AUC aFounded in 1911 as the moslem world aV. 97 no. 1 Jan. - V. 97 no. 2 April - V. 97 no. 3 July ( 2007). aCatalogued by: wessam. aCatalogued by: Sara. 0aIslamvPeriodicals. 0aMissions to MuslimsvPeriodicals. 0aMissions aupreÌ€s des musulmansvPeÌ?riodiques. 0aIslamvPeÌ?riodiques.2 aHartford Seminary Foundation.2 aDuncan Black Macdonald Center. cNBk297.05MUS c9969d9969 00104070aMAINbMAINcLOWd2008-07-09ePurchasel0o297.05MUSp000013364r2025-07-15 00:00:00yNB 00104070aMAINbMAINcLOWd2013-07-08ePurchasel0o297.05MUSp000013047r2025-07-15 00:00:00yNB 00104070aMAINbMAINcLOWd2013-07-08ePurchasel0o297.05MUSp000013049r2025-07-15 00:00:00yNB 00104070aMAINbMAINcLOWd2013-07-08ePurchasel0o297.05MUSp000013050r2025-07-15 00:00:00yNB